Color y cultura (Record no. 10297)

MARC details
000 -LEADER
campo de control de longitud fija 00914nam a2200265 i 4500
001 - NÚMERO DE CONTROL
campo de control 10297
003 - IDENTIFICADOR DE NÚMERO DE CONTROL
campo de control ES-MaACL
005 - FECHA Y HORA DE LA ÚLTIMA TRANSACCIÓN
campo de control 20230906145847.0
007 - CAMPO FIJO DE DESCRIPCIÓN FÍSICA--INFORMACIÓN GENERAL
campo de control de longitud fija t|
008 - DATOS DE LONGITUD FIJA--INFORMACIÓN GENERAL
campo de control de longitud fija 950420s1993 sp ||||1| spa d
020 ## - NÚMERO INTERNACIONAL ESTÁNDAR DEL LIBRO
Número Internacional Estándar del Libro 84-7844-161-1
080 ## - NÚMERO DE LA CLASIFICACIÓN DECIMAL UNIVERSAL
Número de la Clasificación Decimal Universal 7.017.4
100 1# - ENTRADA PRINCIPAL--NOMBRE DE PERSONA
Nombre de persona Gage, John.
9 (RLIN) 53220
245 10 - MENCIÓN DEL TÍTULO
Título Color y cultura
Resto del título : la práctica y el significado del color de la antigüedad a la abstracción /
Mención de responsabilidad, etc. John Gage ; traducción de Adolfo Gómez Cedillo y Rafael Jackson Martín.
260 ## - PUBLICACIÓN, DISTRIBUCIÓN, ETC.
Lugar de publicación, distribución, etc. Madrid :
Nombre del editor, distribuidor, etc. Siruela,
Fecha de publicación, distribución, etc. 1993.
300 ## - DESCRIPCIÓN FÍSICA
Extensión 335 p. :
Otras características físicas il. col. y n. ;
Dimensiones 29 cm.
490 1# - MENCIÓN DE SERIE
Mención de serie La Biblioteca azul. Serie mayor
504 ## - NOTA DE BIBLIOGRAFÍA, ETC.
Nota de bibliografía, etc. Bibliografía : p. 303-323.
650 #4 - PUNTO DE ACCESO ADICIONAL DE MATERIA--TÉRMINO DE MATERIA
Término de materia o nombre geográfico como elemento de entrada Color.
9 (RLIN) 11153
700 1# - ENTRADA AGREGADA--NOMBRE PERSONAL
Nombre de persona Gómez Cedillo, Adolfo.
9 (RLIN) 57866
700 1# - ENTRADA AGREGADA--NOMBRE PERSONAL
Nombre de persona Jackson Martín, Rafael.
9 (RLIN) 65823
830 0# - PUNTO DE ACCESO ADICIONAL DE SERIE-TÍTULO UNIFORME
Título uniforme La Biblioteca azul. Serie mayor
9 (RLIN) 179019
852 ## - LOCALIZACIÓN
Ubicación ES-MaACL
Número de control de estantería L-17818
Sublocalización o colección R.122900
Holdings
Estatus retirado Estado de pérdida Estado de daño No para préstamo Biblioteca de origen Biblioteca actual Ubicación en estantería Fecha de adquisición Fuente de adquisición Total de préstamos Signatura topográfica completa Código de barras Visto por última vez Precio de reemplazo Tipo de ítem Koha
        Biblioteca del Ateneo de Madrid Biblioteca del Ateneo de Madrid Depósito 2 17/01/2008     L-17818 1010507 23/02/2023 23/02/2023 Libro impreso